000 00905nam a22001937a 4500
999 _c64095
_d64095
003 Ge_BSU
005 20260330142411.0
008 260330s1997 ge ||||| |||| 00| 0 geo d
041 _ageo
080 _a339.138(042.4) ს-75
100 _aსოხაძე, ავთანდილ
_927239
245 _aმარკეტინგის საფუძვლები :
_b(ლექციების კურსი) /
_c[რედ.: ბიძინა ურუშაძე]; ქუთაისის საერო ინ-ტი "გელათი".
264 _aუთაისი :
_bსაქართველო,
_c1997.
300 _a232 გვ. ;
_b 20 სმ.
504 _aბიბლიოგრ.: გვ. 229.
653 _aმარკეტინგი
700 _aურუშაძე, ბიძინა
_e რედაქტორი
_927240
942 _2udc
_cᲬᲘᲒᲜᲘ